| 000 | 00568nam a2200181Ia 4500 | ||
|---|---|---|---|
| 003 | GCL | ||
| 008 | 140319s9999 xx 000 0 ara d | ||
| 040 |
_aGCL / _cGCL |
||
| 082 | 0 | 4 |
_a212.41 _bع م |
| 100 | 1 | _aعبدالحى محمد قابيل | |
| 245 | 1 | 0 |
_aالمذاهب الاخلاقية فى الاسلام (الواجب - السعادة) / _cعبدالحى محمد قابيل |
| 300 | _a335 ص | ||
| 490 | _a | ||
| 650 | 0 | 4 | _aالاسلام |
| 650 | 0 | 4 | _aالاخلاق الاسلامية |
| 650 | 0 | 4 | _aالاخلاق فى القران |
| 942 |
_2ddc _cBK |
||
| 999 |
_c40924 _d40924 |
||